[Event "CZE-chT2A 2223"]
[Site "Czech Republic"]
[Date "2022.10.16"]
[Round "1.7"]
[White "Malarova, Katerina"]
[Black "Taragelova, Martina"]
[Result "1/2-1/2"]
[WhiteElo "1994"]
[BlackElo "2013"]
[PlyCount "102"]
[EventDate "2022.10.16"]
[EventType "team-tourn"]
[EventRounds "11"]
[EventCountry "CZE"]
[SourceTitle "EXT 2024"]
[Source "ChessBase"]
[SourceDate "2023.10.10"]
[SourceVersion "1"]
[SourceVersionDate "2023.10.10"]
[SourceQuality "1"]
[WhiteTeam "Plzen"]
[BlackTeam "Vysehrad II"]
[WhiteTeamCountry "CZE"]
[BlackTeamCountry "CZE"]

1. e4 e5 2. Nf3 Nc6 3. c3 d5 4. Bb5 Bg4 5. Qa4 Qd6 6. d4 Bxf3 7. gxf3 Nge7 8. Be3 a6 9. Nd2 0-0-0 10. dxe5 Nxe5 11. Be2 dxe4 12. fxe4 Nd3+ 13. Bxd3 Qxd3 14. 0-0-0 Qb5 15. Qxb5 axb5 16. Nf3 Nc6 17. Rxd8+ Nxd8 18. Nd4 b4 19. c4 Bc5 20. Nf5 Bxe3+ 21. Nxe3 Nc6 22. Nd5 Re8 23. f3 Ne5 24. Nxb4 Nxf3 25. Rf1 Ne5 26. b3 f6 27. Nd5 Nd7 28. Rg1 g6 29. Rf1 Re6 30. Kd2 Nc5 31. Nc3 Kd7 32. Rf4 g5 33. Rf5 Nxe4+ 34. Nxe4 Rxe4 35. Rxf6 Rh4 36. Rf2 Rh3 37. Ke2 g4 38. Kf1 h5 39. Kg2 Kd6 40. Rf5 b6 41. b4 Rc3 42. Rxh5 Rxc4 43. a3 c5 44. Rh6+ Kc7 45. bxc5 bxc5 46. h3 Rc2+ 47. Kg3 gxh3 48. Kxh3 c4 49. Kg3 c3 50. Kf3 Rd2 51. Ke3 Ra2 1/2-1/2

[Event "CZE-chT2A 2122"]
[Site "Czech Republic"]
[Date "2022.04.03"]
[Round "11.5"]
[White "Sedy, Pavel"]
[Black "Malarova, Katerina"]
[Result "1-0"]
[WhiteElo "2193"]
[BlackElo "2035"]
[PlyCount "107"]
[EventDate "2021.10.17"]
[EventType "team-tourn"]
[EventRounds "11"]
[EventCountry "CZE"]
[SourceTitle "EXT 2025"]
[Source "ChessBase"]
[SourceDate "2024.10.14"]
[SourceVersion "1"]
[SourceVersionDate "2024.10.14"]
[SourceQuality "1"]
[WhiteTeam "Vysehrad Sokol II"]
[BlackTeam "Plzen"]
[WhiteTeamCountry "CZE"]
[BlackTeamCountry "CZE"]

1. e4 d6 2. d4 Nf6 3. Nc3 c6 4. a4 g6 5. Nf3 Bg7 6. Bf4 0-0 7. Qd2 Re8 8. Be2 Nh5 9. Bh6 Bh8 10. Rd1 a6 11. 0-0 b5 12. e5 Qc7 13. Rfe1 d5 14. Ng5 Ng7 15. Qf4 f6 16. Nf3 Nf5 17. exf6 Qxf4 18. f7+ Kxf7 19. Bxf4 Bf6 20. Ne5+ Bxe5 21. Bxe5 Nd7 22. Bf4 Bb7 23. Bg4 e6 24. b4 Nb6 25. a5 Nc4 26. Ne2 Rad8 27. c3 Bc8 28. Nc1 Nfd6 29. Bxd6 Nxd6 30. Nd3 Ne4 31. Re3 Kg7 32. Ne5 Bb7 33. h4 Re7 34. Bf3 Nd6 35. Rde1 Nf5 36. R3e2 Nxh4 37. Bg4 Nf5 38. Nd3 Rde8 39. Bxf5 gxf5 40. Kh2 Kf6 41. Kg3 Rg8+ 42. Kf3 Bc8 43. g3 Bd7 44. Nf4 Bc8 45. Rh1 Bd7 46. Ree1 Be8 47. Nd3 Bd7 48. Rh2 Kg7 49. Reh1 Rh8 50. Kf4 Kf8 51. Ke5 Rg7 52. Rh6 Ke7 53. Nf4 Rf7 54. Ng6+ 1-0

[Event "CZE-chT2A 2122"]
[Site "Czech Republic"]
[Date "2022.03.20"]
[Round "10.6"]
[White "Erban, Jiri2"]
[Black "Malarova, Katerina"]
[Result "1/2-1/2"]
[WhiteElo "1866"]
[BlackElo "2035"]
[PlyCount "66"]
[EventDate "2021.10.17"]
[EventType "team-tourn"]
[EventRounds "11"]
[EventCountry "CZE"]
[SourceTitle "EXT 2025"]
[Source "ChessBase"]
[SourceDate "2024.10.14"]
[SourceVersion "1"]
[SourceVersionDate "2024.10.14"]
[SourceQuality "1"]
[WhiteTeam "Prachatice Tatran"]
[BlackTeam "Plzen"]
[WhiteTeamCountry "CZE"]
[BlackTeamCountry "CZE"]

1. e4 c5 2. Nc3 Nc6 3. f4 e6 4. Bb5 d5 5. Bxc6+ bxc6 6. e5 Ne7 7. Nf3 Nf5 8. b3 Ba6 9. d3 Be7 10. 0-0 0-0 11. Na4 Bb5 12. Nb2 Qb6 13. c4 Ba6 14. Na4 Qa5 15. Bd2 Qc7 16. Qe1 Nd4 17. Ba5 Qd7 18. Qf2 Nxf3+ 19. Qxf3 f6 20. Qe3 fxe5 21. fxe5 dxc4 22. dxc4 Qd4 23. Rae1 Bg5 24. Qxd4 cxd4 25. Nc5 Bc8 26. Rxf8+ Kxf8 27. Rd1 Be7 28. b4 Bxc5 29. bxc5 Ke7 30. Rxd4 Rb8 31. Kf2 Rb2+ 32. Rd2 Rxd2+ 33. Bxd2 Ba6 1/2-1/2

[Event "CZE-chT2A 2122"]
[Site "Czech Republic"]
[Date "2021.12.05"]
[Round "4.6"]
[White "Grill, Roman"]
[Black "Malarova, Katerina"]
[Result "1-0"]
[WhiteElo "2131"]
[BlackElo "2035"]
[PlyCount "123"]
[EventDate "2021.10.17"]
[EventType "team-tourn"]
[EventRounds "11"]
[EventCountry "CZE"]
[SourceTitle "EXT 2025"]
[Source "ChessBase"]
[SourceDate "2024.10.14"]
[SourceVersion "1"]
[SourceVersionDate "2024.10.14"]
[SourceQuality "1"]
[WhiteTeam "Pisek"]
[BlackTeam "Plzen"]
[WhiteTeamCountry "CZE"]
[BlackTeamCountry "CZE"]

1. c4 e5 2. g3 Nf6 3. Bg2 Be7 4. Nc3 c6 5. e4 d6 6. d3 0-0 7. Nge2 Ne8 8. 0-0 f5 9. Be3 Bg5 10. f4 Bh6 11. Qd2 Nf6 12. h3 exf4 13. Nxf4 Na6 14. Kh2 Nc7 15. Rae1 Bd7 16. c5 Bxf4 17. Bxf4 dxc5 18. exf5 Nfd5 19. Bd6 Rxf5 20. Bxc5 Qg5 21. Qxg5 Rxg5 22. Ne4 Re5 23. Bd4 Ree8 24. Nc5 Rxe1 25. Rxe1 Bc8 26. Be5 Kf7 27. Ne4 g6 28. Ng5+ Kg8 29. Bxc7 Nxc7 30. Re7 h6 31. Rxc7 hxg5 32. Be4 Rb8 33. Bxg6 Be6 34. a3 Bd5 35. Bf5 a5 36. Kg1 b5 37. Rc8+ Rxc8 38. Bxc8 Kf7 39. Kf2 c5 40. Ba6 Bc6 41. Ke3 Ke6 42. Bc8+ Kd5 43. Bg4 Be8 44. Bf3+ Ke5 45. h4 gxh4 46. gxh4 b4 47. Bg4 Bf7 48. axb4 cxb4 49. Bd1 b3 50. d4+ Kd6 51. Kd2 a4 52. Kc3 Kd5 53. Bf3+ Kd6 54. Kb4 Be8 55. h5 Ke6 56. d5+ Kf6 57. h6 Bd7 58. Be4 Kf7 59. Bd3 Kf6 60. Ba6 Kg6 61. Bb7 Kxh6 62. Bc6 1-0

[Event "CZE-chT2A 2122"]
[Site "Czech Republic"]
[Date "2021.11.07"]
[Round "2.5"]
[White "Plesek, Jiri"]
[Black "Malarova, Katerina"]
[Result "0-1"]
[WhiteElo "1992"]
[BlackElo "2035"]
[PlyCount "70"]
[EventDate "2021.10.17"]
[EventType "team-tourn"]
[EventRounds "11"]
[EventCountry "CZE"]
[SourceTitle "EXT 2025"]
[Source "ChessBase"]
[SourceDate "2024.10.14"]
[SourceVersion "1"]
[SourceVersionDate "2024.10.14"]
[SourceQuality "1"]
[WhiteTeam "Pankrac II"]
[BlackTeam "Plzen"]
[WhiteTeamCountry "CZE"]
[BlackTeamCountry "CZE"]

1. d4 Nf6 2. Nf3 e6 3. e3 c5 4. Bd3 Nc6 5. 0-0 d5 6. b3 Bd6 7. Bb2 0-0 8. c4 b6 9. Nc3 Bb7 10. Qe2 Re8 11. Nb5 Bb8 12. Rad1 a6 13. Nc3 Qc7 14. Bb1 dxc4 15. bxc4 Nxd4 16. exd4 Bxf3 17. Qe5 Bxd1 18. Nxd1 cxd4 19. Qxc7 Bxc7 20. Bxd4 Rad8 21. Bb2 Ng4 22. h3 Bh2+ 23. Kh1 Rxd1 24. Rxd1 Nxf2+ 25. Kxh2 Nxd1 26. Bd4 b5 27. c5 Rd8 28. Be5 Rd5 29. Bd6 Nc3 30. Bc2 Nxa2 31. Bb3 Nb4 32. Bxd5 exd5 33. Kg3 f6 34. Kf3 Kf7 35. Ke3 Ke6 0-1